A Record of the war The fourth quarter june 27--september 29, 1940 (Record no. 552745)
[ view plain ]
| 000 -LEADER | |
|---|---|
| fixed length control field | 00402nam a22001337a 4500 |
| 082 ## - DEWEY DECIMAL CLASSIFICATION NUMBER | |
| Classification number | 940.54 |
| Author Mark | GRA |
| -- | D |
| 100 ## - MAIN ENTRY--PERSONAL NAME | |
| Personal name | graves Philip |
| 9 (RLIN) | 50012 |
| 245 ## - TITLE STATEMENT | |
| Title | A Record of the war The fourth quarter june 27--september 29, 1940 |
| Remainder of title | Philip graves |
| 260 ## - PUBLICATION, DISTRIBUTION, ETC. | |
| Place of publication, distribution, etc. | london and melbourne |
| Name of publisher, distributor, etc. | hutcbinson&co |
| 300 ## - PHYSICAL DESCRIPTION | |
| Extent | ix ,381p.; |
| 526 ## - STUDY PROGRAM INFORMATION NOTE | |
| Program name | 0 |
| Interest level | 0 |
| Reading level | 0 |
| Title point value | 940_540000000000000_GRA |
| 650 ## - SUBJECT ADDED ENTRY--TOPICAL TERM | |
| Topical term or geographic name entry element | mce |
| 9 (RLIN) | 379 |
| 942 ## - ADDED ENTRY ELEMENTS (KOHA) | |
| Source of classification or shelving scheme | |
| Koha item type | Book |
| Withdrawn status | Lost status | Source of classification or shelving scheme | Damaged status | Not for loan | Permanent Location | Current Location | Shelving location | Date acquired | Total Checkouts | Full call number | Barcode | Date last seen | Price effective from | Koha item type |
|---|---|---|---|---|---|---|---|---|---|---|---|---|---|---|
| Military College of Engineering (MCE) | Military College of Engineering (MCE) | 01/21/2015 | 940.54 GRA | MCE-ecr/107.2 | 01/21/2015 | 01/21/2015 | Book |
